NBA All-Stars według drużyny 2000–2025 - Statystyki

Ogólne statystyki
  • Ten quiz został rozwiązany 202 razy
  • Średni wynik to 109 z 240
Statystyki odpowiedzi
Zespół Sezon Pozycja Zawodnik % Poprawnych
Cleveland Cavaliers 2005–2010, 2015–2018 SF LeBron James
91%
Los Angeles Lakers 2019–2025 SF LeBron James
91%
Miami Heat 2011–2014 SF LeBron James
91%
Boston Celtics 2020–2025 SF Jayson Tatum
86%
Boston Celtics 2021, 2023-2025 SF Jaylen Brown
85%
Atlanta Hawks 2020, 2022, 2024, 2025 PG Trae Young
85%
Brooklyn Nets 2021–2023 SF Kevin Durant
84%
Golden State Warriors 2017-2019 SF Kevin Durant
84%
Oklahoma City Thunder 2010–2016 SF Kevin Durant
84%
Phoenix Suns 2024, 2025 PF Kevin Durant
84%
Los Angeles Lakers 2000–2016 SG Kobe Bryant
82%
Golden State Warriors 2014–2019, 2021–2025 PG Stephen Curry
82%
Milwaukee Bucks 2024, 2025 PG Damian Lillard
81%
Portland Trail Blazers 2014, 2015, 2018–2021, 2023 PG Damian Lillard
81%
Brooklyn Nets 2021, 2022 SG James Harden
81%
Houston Rockets 2013–2020 SG James Harden
81%
Los Angeles Clippers 2025 SG James Harden
81%
Dallas Mavericks 2020-2024 PG Luka Dončić
79%
Minnesota Timberwolves 2023-2025 SG Anthony Edwards
77%
Boston Celtics 2018, 2019 PG Kyrie Irving
77%
Brooklyn Nets 2021, 2023 PG Kyrie Irving
77%
Cleveland Cavaliers 2013-2015, 2017 PG Kyrie Irving
77%
Dallas Mavericks 2025 PG Kyrie Irving
77%
Denver Nuggets 2019–2025 C Nikola Jokić
77%
Minnesota Timberwolves 2018, 2019, 2022, 2024 C Karl-Anthony Towns
75%
New York Knicks 2025 C Karl-Anthony Towns
75%
Los Angeles Lakers 2020, 2021, 2024, 2025 PF Anthony Davis
72%
New Orleans Pelicans 2014–2019 PF Anthony Davis
72%
Philadelphia 76ers 2018–2024 C Joel Embiid
72%
Memphis Grizzlies 2022, 2023 PG Ja Morant
71%
Boston Celtics 2008–2011, 2013 PF Kevin Garnett
71%
Minnesota Timberwolves 2000–2007 PF Kevin Garnett
71%
Los Angeles Lakers 2000–2004 C Shaquille O'Neal
71%
Miami Heat 2005–2007 C Shaquille O'Neal
71%
Phoenix Suns 2009 C Shaquille O'Neal
71%
Dallas Mavericks 2002–2012, 2014, 2015, 2018, 2019 PF Dirk Nowitzki
70%
Milwaukee Bucks 2017–2025 PF Giannis Antetokounmpo
70%
Los Angeles Clippers 2020, 2021, 2024 SF Kawhi Leonard
70%
San Antonio Spurs 2016, 2017 SF Kawhi Leonard
70%
Toronto Raptors 2019 SF Kawhi Leonard
70%
Los Angeles Clippers 2012–2016 PG Chris Paul
69%
New Orleans Hornets 2008–2011 PG Chris Paul
69%
Oklahoma City Thunder 2020 PG Chris Paul
69%
Phoenix Suns 2021, 2022 PG Chris Paul
69%
Golden State Warriors 2015–2019 SG Klay Thompson
69%
Charlotte Hornets 2022 PG LaMelo Ball
69%
Washington Wizards 2002, 2003 SG Michael Jordan
69%
San Antonio Spurs 2000–2011, 2013, 2015 PF Tim Duncan
69%
Los Angeles Clippers 2017 C DeAndre Jordan
68%
Phoenix Suns 2020–2022, 2024 SG Devin Booker
68%
Indiana Pacers 2023, 2024 PG Tyrese Haliburton
68%
Toronto Raptors 2001 C Antonio Davis
67%
Charlotte Hornets 2002 PG Baron Davis
67%
New Orleans Hornets 2004 PG Baron Davis
67%
Denver Nuggets 2007, 2008, 2010, 2011 F Carmelo Anthony
67%
New York Knicks 2012–2017 F Carmelo Anthony
67%
Indiana Pacers 2000 PF Dale Davis
67%
New Orleans Hornets 2008, 2009 PF David West
67%
Chicago Bulls 2010–2012 PG Derrick Rose
67%
Miami Heat 2005–2016, 2018, 2019 SG Dwyane Wade
67%
New York Knicks 2024, 2025 PG Jalen Brunson
67%
Houston Rockets 2020 PG Russell Westbrook
67%
Oklahoma City Thunder 2011–2013, 2015–2019 PG Russell Westbrook
67%
San Antonio Spurs 2025 C Victor Wembanyama
67%
Denver Nuggets 2007, 2008 SG Allen Iverson
65%
Detroit Pistons 2009 SG Allen Iverson
65%
Philadelphia 76ers 2000–2006, 2010 SG Allen Iverson
65%
Cleveland Cavaliers 2023-2025 SG Donovan Mitchell
65%
Utah Jazz 2020–2022 SG Donovan Mitchell
65%
Golden State Warriors 2016–2018, 2022 PF Draymond Green
65%
Indiana Pacers 2013, 2014, 2016, 2017 SF Paul George
65%
Los Angeles Clippers 2021, 2023, 2024 SF Paul George
65%
Oklahoma City Thunder 2018, 2019 SF Paul George
65%
Oklahoma City Thunder 2023-2025 PG Shai Gilgeous-Alexander
65%
New Jersey Nets 2012 PG Deron Williams
63%
Utah Jazz 2010, 2011 PG Deron Williams
63%
Oklahoma City Thunder 2025 PF Jalen Williams
63%
Cleveland Cavaliers 2009 PG Mo Williams
63%
Boston Celtics 2008, 2009, 2011 SG Ray Allen
63%
Milwaukee Bucks 2000–2002 SG Ray Allen
63%
Seattle SuperSonics 2004–2007 SG Ray Allen
63%
Cleveland Cavaliers 2022 C Jarrett Allen
61%
Indiana Pacers 2002–2007 C Jermaine O'Neal
61%
Chicago Bulls 2015–2017 SF Jimmy Butler
61%
Miami Heat 2020, 2022 SG Jimmy Butler
61%
Minnesota Timberwolves 2018 SG Jimmy Butler
61%
Chicago Bulls 2015, 2016 FC Pau Gasol
61%
Los Angeles Lakers 2009–2011 FC Pau Gasol
61%
Memphis Grizzlies 2006 FC Pau Gasol
61%
Miami Heat 2020, 2023, 2024 C Bam Adebayo
60%
Washington Wizards 2007, 2008 SF Caron Butler
60%
Detroit Pistons 2025 PG Cade Cunningham
59%
Washington Wizards 2014–2018 PG John Wall
59%
Memphis Grizzlies 2012, 2015, 2017 C Marc Gasol
59%
Indiana Pacers 2025 PF Pascal Siakam
59%
Toronto Raptors 2020, 2023 PF Pascal Siakam
59%
Dallas Mavericks 2002, 2003 PG Steve Nash
58%
Phoenix Suns 2005–2008, 2010, 2012 PG Steve Nash
58%
Orlando Magic 2024 PF Paolo Banchero
57%
Philadelphia 76ers 2024 PG Tyrese Maxey
57%
New Orleans Pelicans 2021, 2023 PF Zion Williamson
57%
Boston Celtics 2002–2006, 2008–2012 SF Paul Pierce
56%
Dallas Mavericks 2010 PG Jason Kidd
55%
New Jersey Nets 2002–2004, 2007, 2008 PG Jason Kidd
55%
Phoenix Suns 2000, 2001 PG Jason Kidd
55%
Utah Jazz 2020–2022 C Rudy Gobert
55%
Miami Heat 2025 SG Tyler Herro
55%
San Antonio Spurs 2006, 2007, 2009, 2012–2014 PG Tony Parker
54%
Chicago Bulls 2022, 2023 SF DeMar DeRozan
52%
Toronto Raptors 2014, 2016–2018 SF DeMar DeRozan
52%
Houston Rockets 2014 C Dwight Howard
52%
Los Angeles Lakers 2013 C Dwight Howard
52%
Orlando Magic 2007–2012 C Dwight Howard
52%
Detroit Pistons 2019 PF Blake Griffin
51%
Los Angeles Clippers 2011–2015 PF Blake Griffin
51%
Sacramento Kings 2023 PG De'Aaron Fox
51%
Chicago Bulls 2021, 2022 SG Zach LaVine
51%
Cleveland Cavaliers 2025 PF Evan Mobley
50%
Miami Heat 2011–2016 PF Chris Bosh
49%
Toronto Raptors 2006–2010 PF Chris Bosh
49%
Indiana Pacers 2020, 2021 PF Domantas Sabonis
49%
Sacramento Kings 2023 PF Domantas Sabonis
49%
Dallas Mavericks 2007 SF Josh Howard
49%
New Jersey Nets 2005–2007 SF Vince Carter
49%
Toronto Raptors 2000-2004 SF Vince Carter
49%
Milwaukee Bucks 2023 PG Jrue Holiday
48%
Philadelphia 76ers 2013 G Jrue Holiday
48%
Houston Rockets 2025 C Alperen Sengun
47%
Memphis Grizzlies 2023, 2025 PF Jaren Jackson Jr.
47%
Cleveland Cavaliers 2022, 2025 PG Darius Garland
46%
Boston Celtics 2020 PG Kemba Walker
45%
Charlotte Hornets 2017–2019 PG Kemba Walker
45%
Cleveland Cavaliers 2017, 2018 PF Kevin Love
45%
Minnesota Timberwolves 2011, 2012, 2014 FC Kevin Love
45%
Milwaukee Bucks 2019, 2020, 2022 SF Khris Middleton
45%
Washington Wizards 2018, 2019, 2021 SG Bradley Beal
43%
Boston Celtics 2016, 2017 PG Isaiah Thomas
43%
Toronto Raptors 2024 SF Scottie Barnes
43%
Detroit Pistons 2003–2006 C Ben Wallace
42%
Utah Jazz 2023 PF Lauri Markkanen
42%
Utah Jazz 2000–2002 PF Karl Malone
40%
Houston Rockets 2005–2007 SG Tracy McGrady
40%
Orlando Magic 2001–2004 SG Tracy McGrady
40%
Boston Celtics 2002, 2003 F Antoine Walker
39%
Brooklyn Nets 2013 C Brook Lopez
39%
San Antonio Spurs 2000, 2001 C David Robinson
39%
San Antonio Spurs 2022 PG Dejounte Murray
39%
Charlotte Bobcats 2010 SF Gerald Wallace
39%
Milwaukee Bucks 2000, 2001 SF Glenn Robinson
39%
Detroit Pistons 2006, 2008 PF Rasheed Wallace
39%
Portland Trail Blazers 2000, 2001 FC Rasheed Wallace
39%
New York Knicks 2021, 2023, 2024 PF Julius Randle
38%
Golden State Warriors 2022 SF Andrew Wiggins
37%
Houston Rockets 2003–2009, 2011 C Yao Ming
37%
Toronto Raptors 2015–2020 PG Kyle Lowry
36%
Orlando Magic 2019, 2021 C Nikola Vučević
35%
Atlanta Hawks 2010, 2011, 2015, 2016 C Al Horford
34%
Boston Celtics 2018 FC Al Horford
34%
Chicago Bulls 2013, 2014 C Joakim Noah
34%
San Antonio Spurs 2005, 2011 SG Manu Ginobili
34%
Indiana Pacers 2003 C Brad Miller
32%
Sacramento Kings 2004 C Brad Miller
32%
Indiana Pacers 2000 SG Reggie Miller
32%
New Orleans Pelicans 2018 C DeMarcus Cousins
31%
Sacramento Kings 2015–2017 C DeMarcus Cousins
31%
Seattle SuperSonics 2000–2003 PG Gary Payton
31%
Boston Celtics 2010-2013 PG Rajon Rondo
31%
Atlanta Hawks 2000, 2001 C Dikembe Mutombo
30%
Philadelphia 76ers 2002 C Dikembe Mutombo
30%
New Orleans Pelicans 2020 SF Brandon Ingram
29%
Denver Nuggets 2009, 2010 PG Chauncey Billups
29%
Detroit Pistons 2006–2008 PG Chauncey Billups
29%
Atlanta Hawks 2007–2012 SG Joe Johnson
29%
Brooklyn Nets 2014 SG Joe Johnson
29%
Utah Jazz 2000 PG John Stockton
29%
New York Knicks 2018 PF Kristaps Porzingis
29%
Philadelphia 76ers 2012 SF Andre Iguodala
27%
Brooklyn Nets 2019 PG D'Angelo Russell
27%
Utah Jazz 2021 PG Mike Conley
27%
Philadelphia 76ers 2019–2021 PG Ben Simmons
25%
Portland Trail Blazers 2012–2015 PF LaMarcus Aldridge
25%
San Antonio Spurs 2016, 2018, 2019 PF LaMarcus Aldridge
25%
New York Knicks 2011 C Amar'e Stoudemire
22%
Phoenix Suns 2005, 2007–2010 C Amar'e Stoudemire
22%
Miami Heat 2000–2002 C Alonzo Mourning
21%
Toronto Raptors 2022 PG Fred VanVleet
21%
Indiana Pacers 2018, 2019 SG Victor Oladipo
21%
Detroit Pistons 2016, 2018 C Andre Drummond
19%
Atlanta Hawks 2015 SF Kyle Korver
19%
Sacramento Kings 2002–2004 SF Peja Stojaković
19%
Detroit Pistons 2000 SF Grant Hill
18%
Orlando Magic 2001, 2005 SF Grant Hill
18%
Memphis Grizzlies 2010, 2013 PF Zach Randolph
17%
Cleveland Cavaliers 2003, 2005 C Zydrunas Ilgauskas
17%
Sacramento Kings 2000–2003 PF Chris Webber
16%
Washington Wizards 2005–2007 PG Gilbert Arenas
15%
Atlanta Hawks 2014–2017 PF Paul Millsap
15%
Chicago Bulls 2012, 2013 SF Luol Deng
14%
New York Knicks 2013 C Tyson Chandler
13%
Utah Jazz 2017 SF Gordon Hayward
12%
Detroit Pistons 2006–2008 SG Richard Hamilton
12%
Los Angeles Lakers 2012 C Andrew Bynum
11%
Portland Trail Blazers 2008–2010 SG Brandon Roy
11%
Atlanta Hawks 2015 PG Jeff Teague
11%
Indiana Pacers 2012, 2014 C Roy Hibbert
11%
Phoenix Suns 2003, 2005–2007 SF Shawn Marion
11%
Sacramento Kings 2001 C Vlade Divac
11%
Utah Jazz 2007, 2008 PF Carlos Boozer
9%
Golden State Warriors 2013 PF David Lee
9%
New York Knicks 2010 PF David Lee
9%
New Jersey Nets 2009 SG Devin Harris
9%
Miami Heat 2018 PG Goran Dragić
9%
Indiana Pacers 2004 SF Ron Artest
9%
New Jersey Nets 2001 PG Stephon Marbury
9%
Phoenix Suns 2003 PG Stephon Marbury
9%
Minnesota Timberwolves 2002 SF Wally Szczerbiak
9%
Los Angeles Clippers 2010 C Chris Kaman
7%
Charlotte Hornets 2000 SG Eddie Jones
7%
Orlando Magic 2009 PG Jameer Nelson
7%
New York Knicks 2001 SG Latrell Sprewell
7%
Orlando Magic 2009 F Rashard Lewis
7%
Seattle SuperSonics 2005 F Rashard Lewis
7%
Indiana Pacers 2009 SF Danny Granger
6%
New York Knicks 2000, 2001 SG Allan Houston
5%
Utah Jazz 2004 PF Andrei Kirilenko
5%
Los Angeles Clippers 2002, 2006 PF Elton Brand
5%
New Orleans Hornets 2003 SF Jamal Mashburn
5%
Milwaukee Bucks 2004 SG Michael Redd
5%
Minnesota Timberwolves 2004 PG Sam Cassell
5%
Atlanta Hawks 2002 F Shareef Abdur-Rahim
5%
Houston Rockets 2002–2004 PG Steve Francis
5%
Washington Wizards 2005, 2008 F Antawn Jamison
4%
Detroit Pistons 2000, 2001 SF Jerry Stackhouse
4%
New Jersey Nets 2004 PF Kenyon Martin
4%
Dallas Mavericks 2000, 2001 SF Michael Finley
3%
Denver Nuggets 2001 PF Antonio McDyess
2%
Philadelphia 76ers 2001 C Theo Ratliff
2%
Miami Heat 2001 PF Anthony Mason
1%
New Orleans Hornets 2004 C Jamaal Magloire
1%
Utah Jazz 2007 C Mehmet Okur
1%
Nie znaleziono quizów pasujących do podanych kryteriów
Rozkład punktacji
Procent ludzi z każdym wynikiem
Percentyl według liczby udzielonych odpowiedzi
Twoja historia wyników
Nie rozwiązałeś tego quizu